Statistiques concernant Les plus grandes villes sur la Meuse

Cliquez ici pour prendre le quiz!

Statistiques générales

  • Ce quiz a été pris 42 fois
  • Le résultat moyen est 6 sur 16

Statistiques - réponses

Population (2014) Pays Ville sur la Meuse % Correct
197,000BelgiqueLiège
93%
110,000BelgiqueNamur
87%
122,000Pays-BasMaastricht
80%
48,000FranceCharleville-Mézières
70%
19,000FranceVerdun
63%
17,000FranceSedan
53%
21,000BelgiqueHuy
40%
63,000BelgiqueSeraing
27%
100,000Pays-BasVenlo
20%
39,000BelgiqueHerstal
17%
17,000BelgiqueVisé
17%
57,000Pays-BasRuremonde
13%
37,000BelgiqueMaasmechelen
13%
25,000BelgiqueLanaken
10%
24,000BelgiqueMaaseik
10%
24,000BelgiqueOupeye
7%

Distribution des résultats

Percentile par nombre de réponses

% des personnes avec chaque résultat

Votre développement - résultats

Vous n’avez pas pris ce quiz